Animals That Start With The Letter C - Statistics

General Stats
  • This quiz has been taken 451 times
    442 since last reset
  • The average score is 9 of 11
Answer Stats
Hint Animal % Correct
Domestic Pet That Likes To Sit On Your Lap Cat
100%
Usually Found On Farms And It Lays Eggs Chicken
97%
Used In Deserts And Can Carry Lots Of Water Inside There Bodies Camel
96%
This Animal Is Very Fast And Is Said To Be The Fastest Animal On The Planet Cheetah
93%
This Animal Is A Bit Like An Alligator And Likes To Swim In Creeks And Swamps Crocodile
90%
This Animal Is Found In Farms And Is A Popular Source Of Meat When Cooked Cow
86%
Insect That Has The Same Name As A Popular Sport And This Insect Also Makes Lots Of Noise Cricket
86%
This Bird Likes To Sing And Some People Have Them As Pets In Bird Cages Canary
70%
This Bird Likes To Munch On Your Old Food Scraps And Is Found In Schools A Lot Eating Peoples Old Food Scraps Crow
69%
Type Of Fish That Has A Nother Animal In Its Name Catfish
54%
An Insect That Comes Out At Christmas Time In Australia And Makes Lots Of Noise Cicada
39%
No matching quizzes found
Score Distribution
Percent of People with Each Score
Percentile by Number Answered
Your Score History
You have not taken this quiz since the last reset